000 00832nam a2200253 a 4500
001 BRCA_6447
005 20190320205446.0
008 150110s1921----gw-a######---#000-0#ger-#
041 _ager
044 _agw
050 4 _aND653.R4
_b.R46 2 1921
245 1 0 _aRembrandt
_bWiedergefundene Gemälde : (1910-1920)
_cherausgegeben von Wilhem R. Valentiner.
260 _aStuttgart, Alemania
_bDeutsche Verlags-Anstalt
_c1921
300 _axxvii, 134 p.
_bil., 120 láminas
_c26 cm.
440 0 _aKlassiker der Kunst in gesamtausgaben
_v27
_916102
500 _aVer también M47
500 _aM48
600 1 4 _aRembrandt, Harmenszoon van Rijn
_d1607-1669
_97357
650 1 4 _aPintores holandeses
_916103
650 1 4 _aPinturas holandesas
_913737
700 1 _aValentiner, Wilhelm R.
_eEditor
_916104
902 _aGFM
942 _2lcc
_cB
999 _c6131
_d6131